Les amours masculines : anthologie de l'homosexualité dans la littérature /

Salvato in:
Dettagli Bibliografici
Autore principale: Larivière, Michel (Autore)
Natura: Libro
Lingua:francese
Pubblicazione: Paris : Lieu commun, 1984
Tags: Aggiungi Tag
Nessun Tag, puoi essere il primo ad aggiungerne!!

MARC

LEADER 00000nam a22000001i 4500
001 IT\ICCU\TO0\1307171
003 ItRI
005 20260115231840.0
008 040512s1984 fr |||||| ||||| |||||c
020 |a 2867050278 
040 |b ita  |c importazione bologna sebina 
041 7 |a fre  |2 ISO-639-2 
100 1 |a Larivière, Michel  |0 IT\ICCU\BVEV\018192  |4 aut 
245 1 4 |a Les amours masculines :  |b anthologie de l'homosexualité dans la littérature /  |c Michel Larivière ; préface de Dominique Fernandez. 
260 |a Paris :  |b Lieu commun,  |c 1984 
300 |a 542 p. ;  |c 27 cm 
942 |2 ddc  |c BK  |n 0 
952 |0 0  |1 0  |4 0  |6 DOC_808_880000000000000_LAR  |7 0  |9 14171  |a BO  |b BO  |d 2026-01-15  |i 1587  |l 0  |o DOC 808.88 LAR  |p BO1587  |r 2026-01-15 23:18:40  |w 2026-01-15  |x [Sebina 7] [1 v.]  |y BK  |z 1 v. 
999 |c 12226  |d 12226